000 00510nam a2200181Ia 4500
005 20250326123944.0
008 250326s9999 xx 000 0 und d
037 _aTextbook
040 _aFMSL
_beng
_cFMSL
041 _aeng
_2eng
084 _aT48(Y) K9
_qFMSL
100 _aSelltiz C
_9736495
245 0 _aResearch methods in social relations
_cSelltiz C; Jahoda M And Others
260 _aUSA
_bUSA, Methuen
_c1969
300 _a622p
942 _cTB
_hT48(Y) K9
999 _c1271645
_d1271645